| 000 | 00590cam a2200169 4500 | ||
|---|---|---|---|
| 001 | WB3536-25 | ||
| 008 | 000000n1999 000 0 eng u | ||
| 035 | _a(Sirsi) u102712 | ||
| 245 | _aConsulting on charges. | ||
| 260 | _c1999 | ||
| 490 |
_aEstates Gazette _v(9936) 11 September 1999, 164(1) |
||
| 520 | _aDiscusses the CA decision in Martin v Maryland Estates Ltd which considered the issue of provision of estimates to tenants before works are commenced. | ||
| 650 | _aMARTIN V MARYLAND ESTATES LTD | ||
| 650 | _aESTIMATES | ||
| 690 | _aPROPERTY-LANDLORD AND TENANT | ||
| 942 | _n0 | ||
| 999 |
_c61700 _d61700 |
||